000 00590nam a2200217Ia 4500
003 OSt
005 20230714153023.0
008 210716s2000 xx 000 0 und d
020 _a0749433361
040 _cAIMIT LIBRARY
041 _aeng
082 _a338.9
_21
_bRISK
245 _aRisk :
_bcountry by country guide /
250 _a1st ed.
260 _aLondon :
_bKogan Page ,
_c2000.
300 _avii,437p. ;
_bPB
_c29.4 cm
650 _aThe european union
_9127037
650 _aCountry profiles
_9127038
650 _aEmerging asia
_9127039
942 _2ddc
_cBK
_e1st
_k338.9 RISK
999 _c199081
_d199081